LEADER 00912cam0 2200265 450 001 E600200067521 005 20101019080409.0 100 $a20101019d1971 |||||ita|0103 ba 101 $aita 102 $aIT 200 1 $aSul divieto delle cd. "usurae supra duplum$fGiuliano Cervenca 210 $aNapoli$cEdizioni scientifiche italiane$d[1971?] 215 $a24 p.$d23 cm 300 $a(mm) 300 $aEstr. da: Index, 2 (1971) 700 1$aCervenca$b, Giuliano$3A600200055785$4070$0231976 801 0$aIT$bUNISOB$c20101019$gRICA 850 $aUNISOB 852 $aUNISOB$jFondo|Casavola|Opusc$m150389 912 $aE600200067521 940 $aM 102 Monografia moderna SBN 941 $aM 957 $b1080$gSi$d150389$hCasavola$rdono$1menle$2UNISOB$3UNISOB$420101019080411.0$520101019080450.0$6menle$aFondo|Casavola|Opusc 996 $aSul divieto delle cd. "usurae supra duplum$91703012 997 $aUNISOB